Szalicilsav hatása a fotoszintetikus apparátus működésére sötétben

Elmentve itt :
Bibliográfiai részletek
Szerző: Almási Dániel
További közreműködők: Poór Péter (Témavezető)
Dokumentumtípus: Szakdolgozat
Megjelent: 2017
Tárgyszavak:
Online Access:http://diploma.bibl.u-szeged.hu/71541
LEADER 00700nta a2200169 i 4500
001 dipl71541
005 20180522111646.0
008 180522s2017 hu om 0|| zxx d
040 |a SZTE Diploma Repozitórium  |b hun 
041 |a zxx 
100 1 |a Almási Dániel 
245 1 0 |a Szalicilsav hatása a fotoszintetikus apparátus működésére sötétben  |h [elektronikus dokumentum] /  |c Dániel Almási 
246 1 0 |a Effects of Salicylic acid on the role of photosystems in the dark  |h [elektronikus dokumentum] 
260 |c 2017 
650 4 |a Természettudományok 
700 1 |a Poór Péter  |e ths 
856 4 0 |u http://diploma.bibl.u-szeged.hu/id/eprint/71541/1/2016_Alm%C3%A1si_D%C3%A1niel_B5VPI6_SZ.pdf  |z Dokumentum-elérés